Αγροτουρισμός, η ανάπτυξή του στην Ελλάδα και συγκεκριμένα στην περιοχή της Ρόδου, περίπτωση κοιλάδας πεταλούδων δήμου Καμείρου : διπλωματική εργασία [μεταπτυχιακή εργασία]
Αποθηκεύτηκε σε:
| Κύριος συγγραφέας: | |
|---|---|
| Συγγραφή απο Οργανισμό/Αρχή: | |
| Άλλοι συγγραφείς: | |
| Μορφή: | Thesis Βιβλίο |
| Γλώσσα: | Greek |
| Δημοσίευση: |
2010
|
| Θέματα: | |
| Διαθέσιμο Online: | http://hdl.handle.net/11610/15736 |
| Ετικέτες: |
Προσθήκη ετικέτας
Δεν υπάρχουν, Καταχωρήστε ετικέτα πρώτοι!
|
MARC
| LEADER | 00000cam a2200000 i 4500 | ||
|---|---|---|---|
| 001 | 1/14593 | ||
| 008 | 110808s2010 gre d | ||
| 035 | |l 10110639 | ||
| 040 | |a GR-MY-UA |b gre |e aacr | ||
| 041 | 0 | |a gre | |
| 082 | 0 | |a 338.4791 |2 (22) | |
| 100 | 1 | |a Κυπραίου, Ωραιοζήλη. | |
| 245 | 1 | 0 | |a Αγροτουρισμός, η ανάπτυξή του στην Ελλάδα και συγκεκριμένα στην περιοχή της Ρόδου, περίπτωση κοιλάδας πεταλούδων δήμου Καμείρου : |b διπλωματική εργασία [μεταπτυχιακή εργασία] / |c Κυπραίου Ωραιοζήλη ; επιβλέπουσα: Καϊλα Μαρία, Κουτσούμπας Δρόσος |
| 260 | |c 2010 | ||
| 300 | |a 152 σ.; |b εικ.; |c 30 εκ. | ||
| 500 | |a Μέλη εξεταστικής επιτροπής: Κουτσούμπας Δρόσος, Ξανθάκου Ποτίτσα | ||
| 502 | |a Διατριβή (μεταπτυχιακή) – Πανεπιστήμιο Αιγαίου, Ρόδος, 2010. | ||
| 504 | |a Βιβλιογραφία: σ. 130-132 | ||
| 650 | 0 | 0 | |a Agritourism. |
| 650 | 0 | 0 | |a Agritourism |z Greece |z Rhodes (Island) |
| 650 | 0 | |a Rural development |z Greece |z Rhodes (Island) | |
| 650 | 0 | 0 | |a Dissertations, Academic |z Greece. |
| 700 | 1 | |4 ths |a Καΐλα, Μαρία Α. | |
| 710 | 2 | |a Πανεπιστήμιο Αιγαίου |b Σχολή Ανθρωπιστικών Επιστημών |b Τμήμα Επιστημών της Προσχολικής Αγωγής και του Εκπαιδευτικού Σχεδιασμού |b Πρόγραμμα Μεταπτυχιακών Σπουδών Περιβαλλοντική Εκπαίδευση. | |
| 852 | |a INST |b RHODES |c DIATR |e 20110808 |h 338.4791 ΚΥΠ |p 005400033326 |q 005400033326 |t MTXE |y 23 | ||
| 852 | |a INST |b RHODES |c DIATR |e 20110808 |h 338.4791 ΚΥΠ |p 005400033466 |q 005400033466 |t MTXE |y 23 | ||
| 856 | |u http://hdl.handle.net/11610/15736 | ||
| 901 | |a BIBL4-2011-2 | ||
| 909 | |a Ρ |b 163928 | ||
| 909 | |a Ρ |b 163929 | ||
| 924 | |a ΚΥΠΡΑΙΟΥ |b ΩΡΑΙΟΖΗΛΗ |y ΡΟΔΟΣ |z 2011-08 | ||
| 970 | |z 2010/05/ | ||